000 00319 a2200157 4500
001 172439
020 _a
040 _cMagnum
100 _aGóes, Lúcia Pimentel
240 1 0 _aO circo da aranha
_lpor
245 1 0 _aO circo da aranha
362 0 _a1899
440 1 _aDo Brasil
697 _aI/GERAL
942 _cBK
999 _c172439
_d172439